| 000 | 00451nam a22001217a 4500 | ||
|---|---|---|---|
| 082 | _a220 PRO | ||
| 100 |
_aMUHAMMAD TAHIR ABBAS, AHMAD KHALIQ _971649 |
||
| 245 | _aPR-SOF-1481-Multi Gig Software Defined Networking (SDN) using Intel Data Plane Development Kit (Intel DPDK) with an Inline Protocol Analyzer | ||
| 260 |
_aISLAMABAD _bNUST COLLEGE OF EME _c2015 |
||
| 650 | _aDE-COMP-33 | ||
| 700 |
_aDR SHOAB A.KHAN, DR ZAHEER AHMAD _971650 |
||
| 942 | _cCR | ||
| 999 |
_c578053 _d578053 |
||